000 00685nam a22002057a 4500
003 NUST-PNEC
005 20170114142528.0
008 140507b xxu||||| |||| 00| 0 eng d
020 _a9788126512867
040 _cPNEC
082 _a004.0419 SHA
100 _998
_aSharp, H.
245 _aInteraction design : Beyond human-computer interaction
_cSharp
250 _a2nd ed.
260 _aNew Delhi
_bJohn Wiley
_cc.2007
300 _axxvi, 773 p. :
_bill. :
_c24 cm.
500 _aIncludes index. http://www.amazon.com/Interaction-Design-Beyond-Human-Computer/dp/8126512865/ref=sr_1_1?s=books&ie=UTF8&qid=1399465851&sr=1-1&keywords=9788126512867
650 _xMIS
942 _2ddc
_cBK
999 _c60087
_d60087